Score 0/12 Timer 05:00
0 Plays Today
% Correct
Men in BLACK
98.1%
YELLOW Submarine
97.2%
A Clockwork ORANGE
96.3%
A Boy Named
Charlie BROWN
95.7%
Single WHITE Female
94.5%
Fantastic Four:
Rise of the SILVER Surfer
93.3%
Fried GREEN Tomatoes
93.1%
The PINK Panther
92.2%
RED Dawn
91.6%
James and the
Giant PEACH
88.3%
BLUE Velvet
79.9%
The PURPLE Rose of Cairo
73.3%
Remove Ads.
Support Sporcle.
Get the best of Sporcle when you Go Orange. This ad-free experience offers more features, more stats, and more fun while also helping to support Sporcle. Thank you for becoming a member.

You're not logged in!

Compare scores with friends on all Sporcle quizzes.
OR
Log In

Show Comments

Extras

Top Quizzes Today


Score Distribution

Your Account Isn't Verified!

In order to create a playlist on Sporcle, you need to verify the email address you used during registration. Go to your Sporcle Settings to finish the process.

Report this User

Report this user for behavior that violates our Community Guidelines.

Details: